Liedtext - Deutschland - Die Prinzen - Statistiken

Allgemein
  • Dieses Quiz wurde 45 mal gespielt
  • Das Durchschnittsergebnis liegt bei 290 aus 372
Antwortstatistiken
Antwort % Korrekt
Deutsch
97%
deutsch
97%
Deutschland
97%
(Deutschland
97%
Deutschland)
97%
alles
95%
das
95%
Das
95%
is'
95%
ist
95%
Wir
95%
wir
95%
die
92%
Die
92%
Nur
92%
nur
92%
sind
92%
und
92%
Und
92%
an
89%
ein
89%
dass...?"
87%
dass
87%
der
87%
Es
87%
es
87%
hier
87%
eine
84%
für
84%
"Wetten
84%
auf
82%
Auf
82%
"Auf
82%
leben
82%
(oh)
82%
hat
79%
keinen
79%
sterben
79%
wo
79%
gibt
76%
haben
76%
viele
76%
Welt
76%
Dank
74%
im
74%
in
74%
schönen
74%
Schönen
74%
Sie
74%
Stunden
74%
uns
74%
zu
74%
anders
71%
diese
71%
erfunden
71%
fährt
71%
fährt)
71%
Mercedes
71%
(Mercedes
71%
nirgendwo
71%
Schumacher
71%
Vielen
71%
besten
68%
Denn
68%
dieser
68%
Geld
68%
Kleinigkeit
68%
man
68%
verkehrt
68%
was
68%
zwar
68%
auch
66%
Auch
66%
Deutscher
66%
können
66%
sein
66%
dem
63%
gut
63%
jetzt
63%
kann
63%
nach
63%
Natürlich
63%
natürlich
63%
'nen
63%
sich
63%
Volk
63%
als
61%
bescheiden
61%
Fresse
61%
freundlichste
61%
jedem
61%
unsere
61%
von
61%
Bett
58%
deutschen
58%
einmal
58%
freundlichsten
58%
hauen"
58%
jeder
58%
lieben
58%
stolz
58%
über
58%
vertrauen
58%
Arschloch
55%
Art
55%
Autos
55%
besonders
55%
bilden
55%
bleiben
55%
geküsst
55%
Katzen
55%
mehr
55%
nett
55%
Sport
55%
Stelle
55%
zum
55%
Allerbesten
53%
Erde
53%
Frauen
53%
geil
53%
Genau
53%
Steuern
53%
warten
53%
Weltrekord
53%
Gott
50%
Hunden
50%
Jahr
50%
jedes
50%
Kunden
50%
Bereisen
47%
Besuchern
47%
Ficken
47%
Thailand
47%
wohnen
47%
beschwert
45%
findet
45%
Gruß
45%
Kanaken
45%
Krieg
45%
gefällt
42%
mancher
42%
drei
39%
endlich
39%
jederzeit
39%
seht
39%
überall
39%
vier)
39%
(zwo
39%
bereit
37%
gern
37%
Schwein
37%
manchen
34%
Sauberkeit
34%
Ordnung
32%
Feuerlegen
29%
stehen
24%
Keine übereinstimmenden Quizze gefunden
Verteilung der Resultate
Anzahl Personen mit jedem Resultat
Perzentil nach korrekt beantworteten Fragen
Ihre Resultats-Entwicklung
Sie haben dieses Quiz noch nicht gespielt